000 00480nam a2200169 i 4500
001 62163
003 ES-MaACL
007 t|
008 031118s1961 pr ||||1| spa d
100 1 _aFerdinandy, Miguel de.
_949278
245 1 3 _aEl torno al pensar histórico /
_cMiguel de Ferdinandy.
250 _a[1ª ed.].
260 _aPuerto Rico :
_bUniversidad de Puerto Rico,
_c1961.
300 _a218 p. ;
_c19 cm.
500 _aEs el t. 1.
852 _aES-MaACL
_jE-3671
_bR.49027
999 _c62163
_d62163